000 00651cam a2200229 4500500
005 20260329003212.0
041 _afre
042 _adc
100 1 0 _aPersonne, Thomas
_eauthor
245 0 0 _aLa cryptographie au secours de la démocratie
260 _c2015.
500 _a84
690 _achiffrement
690 _aCommunication
690 _aCryptage
690 _aInternet
690 _aLiberté
690 _aSécurité
690 _aWeb
786 0 _nPhilosophie magazine | 87 | 3 | 2015-03-01 | p. 4-4 | 1951-1787
856 4 1 _uhttps://shs.cairn.info/magazine-philosophie-magazine-2015-3-page-4?lang=fr&redirect-ssocas=7080
999 _c1822333
_d1822333